El cumplimiento del objeto social (Registro nro. 27659)
[ vista simple ]
| 000 -LEADER | |
|---|---|
| fixed length control field | 00321 a2200109 4500 |
| 001 - CONTROL NUMBER | |
| control field | ART_19052 |
| 005 - DATE AND TIME OF LATEST TRANSACTION | |
| control field | 20260410161920.0 |
| 008 - FIXED-LENGTH DATA ELEMENTS--GENERAL INFORMATION | |
| fixed length control field | 260409a |
| 100 1# - MAIN ENTRY--PERSONAL NAME | |
| Personal name | Roitman, Horacio |
| 245 10 - TITLE STATEMENT | |
| Title | El cumplimiento del objeto social |
| 773 0# - HOST ITEM ENTRY | |
| Title | La información |
| Related parts | - Tomo XXXVIII, Nº 587 (nov. 1978) |
| Record control number | REV14902 |
No hay ítems disponibles.